Normal view
MARC view
- Smith, William F:Javad Hashemi
Entry Personal Name
001 - CONTROL NUMBER
- control field: 67301
003 - CONTROL NUMBER IDENTIFIER
- control field: NUST
005 - DATE AND TIME OF LATEST TRANSACTION
- control field: 20210628203802.0
008 - FIXED-LENGTH DATA ELEMENTS
- fixed length control field: 210628|| aca||aabn | a|a d
040 ## - CATALOGING SOURCE
- Original cataloging agency: NUST
- Transcribing agency: NUST
100 ## - HEADING--PERSONAL NAME
- Personal name: Smith, William F:Javad Hashemi
670 ## - SOURCE DATA FOUND
- Source citation: Work cat.: (NUST): Smith, William F:Javad Hashemi, Foundations of materials science and engineering, 2004
